000 00652nam a2200217 4500
001 6080
010 _a9722412116
090 _a6080
100 _a20211231d2002 bc|y0pory5003 ba
200 1 _aUma noiva bela, belíssima
_fuma história de Beatrice Masini
_gilustrada por Anna Laura Cantone
210 _aLisboa
_cLivros Horizonte
_d2002
215 _a[28] p.
_cil
606 _914
_aLiteratura infantil
606 _913
_aLiteratura Estrangeira
675 _a82-93
_vBN
_zpor
675 _a821.1/.8
_vBN
_zpor
700 _aMasini
_bBeatrice
_95789
702 _aCantone
_bAnna Laura
_95790
801 0 _aPT
_bBMVN
_gRPC
830 _cAna Caetano
_d31/12/2021
990 _cLIVROS